[Event "Minsk Bronstein 100 Memorial op"]
[Site "Minsk"]
[Date "2024.02.17"]
[Round "4"]
[White "Spizharny, Mikhail"]
[Black "Krukouski, Serafim"]
[Result "1/2-1/2"]
[WhiteElo "2295"]
[BlackElo "1766"]
[PlyCount "86"]
[EventDate "2024.02.17"]
[EventType "swiss"]
[EventRounds "10"]
[EventCountry "BLR"]
[SourceTitle "CB08_2024"]
[SourceDate "2024.02.21"]
[SourceVersion "1"]
[SourceVersionDate "2024.02.21"]
[SourceQuality "1"]

1. d4 Nf6 2. c4 g6 3. g3 Bg7 4. Bg2 0-0 5. Nc3 d6 6. Nf3 c5 7. d5 e6 8. 0-0 exd5 9. cxd5 Re8 10. Bf4 a6 11. a4 Ne4 12. Nxe4 Rxe4 13. Nd2 Rb4 14. Ra2 Qe7 15. b3 Nd7 16. Nc4 Ne5 17. Nxe5 Bxe5 18. Bd2 Rb6 19. Ba5 Rb4 20. Bxb4 cxb4 21. Rc2 Bd7 22. Rc7 Qd8 23. Qc2 Bc3 24. Rxc3 bxc3 25. Qxc3 b5 26. axb5 Bxb5 27. Bf3 Rc8 28. Qd4 Qe7 29. Re1 Qc7 30. e4 Qc3 31. Qxc3 Rxc3 32. Bd1 f6 33. f4 Kf7 34. Kf2 Rd3 35. Bg4 Rc3 36. b4 Ke7 37. h4 Rc4 38. Ke3 Rxb4 39. Rc1 Rb3+ 40. Kf2 Rb2+ 41. Ke3 Rb3+ 42. Kf2 Rb2+ 43. Ke3 Rb3+ 1/2-1/2

[Event "Minsk op"]
[Site "Minsk"]
[Date "2023.11.04"]
[Round "2"]
[White "Krukouski, Serafim"]
[Black "Siniauski, Artsiom"]
[Result "0-1"]
[WhiteElo "1645"]
[BlackElo "2202"]
[PlyCount "68"]
[EventDate "2023.11.03"]
[EventType "swiss"]
[EventRounds "9"]
[EventCountry "BLR"]
[SourceTitle "CB46_2023"]
[SourceDate "2023.11.15"]
[SourceVersion "1"]
[SourceVersionDate "2023.11.15"]
[SourceQuality "1"]

1. e4 e6 2. d4 d5 3. e5 c5 4. c3 Qb6 5. Nf3 Bd7 6. Bd3 Bb5 7. dxc5 Bxc5 8. b4 Bxd3 9. Qxd3 Be7 10. 0-0 Nd7 11. Be3 Qc7 12. Nbd2 Nh6 13. Bxh6 gxh6 14. Qe3 Bg5 15. Nxg5 hxg5 16. Rfe1 Rg8 17. a4 a5 18. bxa5 Rxa5 19. Nb3 Ra6 20. Nd4 Kf8 21. Nb5 Qc5 22. Qf3 Rg6 23. Qg4 Nxe5 24. Rxe5 Qxb5 25. Qd4 Qb6 26. Qd2 h6 27. g3 Qa7 28. c4 dxc4 29. Qb4+ Kg7 30. Rb5 Rf6 31. Ra2 Qd4 32. Rxb7 Qd1+ 33. Kg2 Rd6 34. Qc3 Qd5+ 0-1

[Event "St Petersburg Korchnoi Memorial op"]
[Site "St Petersburg"]
[Date "2023.08.23"]
[Round "8"]
[White "Budrina, Marina"]
[Black "Krukouski, Serafim"]
[Result "1/2-1/2"]
[WhiteElo "1306"]
[BlackElo "1677"]
[PlyCount "120"]
[EventDate "2023.08.18"]
[EventType "swiss"]
[EventRounds "9"]
[EventCountry "RUS"]
[SourceTitle "EXT 2024"]
[Source "ChessBase"]
[SourceDate "2023.10.10"]
[SourceVersion "1"]
[SourceVersionDate "2023.10.10"]
[SourceQuality "1"]

1. d4 Nf6 2. c4 c5 3. d5 d6 4. Nc3 g6 5. Nf3 e6 6. Nd2 exd5 7. cxd5 Bg7 8. e4 0-0 9. Bd3 Re8 10. 0-0 Nbd7 11. Nc4 Ne5 12. Nxe5 Rxe5 13. Bf4 Re8 14. Re1 a6 15. a4 b6 16. Qd2 Qc7 17. h3 c4 18. Bc2 Rb8 19. Rab1 b5 20. axb5 axb5 21. Na2 Nd7 22. Be3 b4 23. Ba4 Qa5 24. Bxd7 Bxd7 25. Nc1 c3 26. Qd1 cxb2 27. Nb3 Qa3 28. Bd4 Bxd4 29. Nxd4 Rbc8 30. Qd2 Qc3 31. Qxb2 Rc4 32. Nc6 Bxc6 33. dxc6 Rc8 34. Re3 Qxb2 35. Rxb2 R8xc6 36. f3 Rc1+ 37. Kh2 R6c3 38. Rxc3 bxc3 39. Rb6 c2 40. Rc6 Kf8 41. Kg3 Ke7 42. Kf2 Ke6 43. f4 Kd7 44. Rc4 f5 45. e5 dxe5 46. fxe5 Ke6 47. Rc5 f4 48. Rc6+ Kxe5 49. Rc5+ Ke4 50. Rc7 h5 51. Rc8 Kf5 52. Rc5+ Kf6 53. Rc6+ Kg5 54. Rc5+ Kh4 55. Rc4 g5 56. Rc8 f3 57. Rc5 fxg2 58. Kxg2 g4 59. Rc4 Kg5 60. hxg4 hxg4 1/2-1/2

[Event "St Petersburg Korchnoi Memorial op"]
[Site "St Petersburg"]
[Date "2023.08.19"]
[Round "3"]
[White "Krukouski, Serafim"]
[Black "Zhambalov, Bator1111"]
[Result "0-1"]
[WhiteElo "1677"]
[BlackElo "2033"]
[PlyCount "68"]
[EventDate "2023.08.18"]
[EventType "swiss"]
[EventRounds "9"]
[EventCountry "RUS"]
[SourceTitle "EXT 2024"]
[Source "ChessBase"]
[SourceDate "2023.10.10"]
[SourceVersion "1"]
[SourceVersionDate "2023.10.10"]
[SourceQuality "1"]

1. e4 c5 2. Nf3 d6 3. d4 cxd4 4. Qxd4 Nc6 5. Bb5 a6 6. Bxc6+ bxc6 7. c4 e5 8. Qd3 Qc7 9. Nc3 Nf6 10. b3 Be7 11. 0-0 0-0 12. Ba3 Be6 13. h3 Nh5 14. Qe3 Qa5 15. Bb2 Nf4 16. Ne2 Nxe2+ 17. Qxe2 f5 18. Rfc1 fxe4 19. Qxe4 Qc5 20. Bd4 Qa5 21. Qe3 Qd8 22. Bb6 Qe8 23. Re1 Qg6 24. Kh1 Qh5 25. Ng1 Rac8 26. Qe2 Qf7 27. Rad1 c5 28. Rf1 g5 29. Ba5 h5 30. f3 Bd7 31. Qe1 Bc6 32. Ne2 Qg6 33. Nc3 g4 34. Qg3 Bg5 0-1